| 000 | 00465nam a2200169Ia 4500 | ||
|---|---|---|---|
| 003 | GCL | ||
| 008 | 140319s9999 xx 000 0 eng d | ||
| 040 |
_aGCL / _cGCL |
||
| 082 | 0 | 4 |
_a155.4 _bH C |
| 100 | 1 | _aHETHERINGTON, E. M. | |
| 245 | 1 | 0 |
_aCHILD PSYCHOLOGY: A CONTENPORARY VIEWPOINT, 4TH. ED / _cHETHERINGTON, E. M. |
| 700 | 1 | _aPORKE, ROSS | |
| 260 |
_a[S.N] : _bMC GRAW - HILL ، _c1993 |
||
| 300 | _a653 P | ||
| 650 | 0 | 4 | _aCHILD PSYCHOLOGY |
| 942 |
_2ddc _cBK |
||
| 999 |
_c23788 _d23788 |
||